[Event "OP-2013-0-03150"]
[Site "LSS email"]
[Date "2013.12.01"]
[Round "?"]
[White "Lannoy, Jean Claude Albert"]
[Black "Lenz, Juergen"]
[Result "1-0"]
[WhiteElo "1816"]
[BlackElo "1003"]
[PlyCount "33"]
[EventDate "2013.11.27"]
[EventType "tourn (corr)"]
[EventRounds "4"]
[EventCountry "GER"]
[SourceTitle "Telechess CBM 167"]
[Source "ChessBase"]
[SourceDate "2015.07.13"]
[SourceVersion "1"]
[SourceVersionDate "2015.07.13"]
[SourceQuality "1"]

1. e4 Nf6 2. e5 Nd5 3. d4 d6 4. Nf3 Nc6 5. c4 Nb6 6. e6 fxe6 7. Ng5 g6 8. Bd3 e5 9. d5 Nd4 10. 0-0 Bf5 11. Bxf5 Nxf5 12. f4 exf4 13. Ne6 Qd7 14. Rxf4 Ng7 15. Qd4 Rg8 16. Rxf8+ Rxf8 17. Qxg7 1-0

[Event "OP-2013-0-03150"]
[Site "LSS email"]
[Date "2013.12.01"]
[Round "?"]
[White "Lannoy, Jean Claude Albert"]
[Black "Vontina, Maria"]
[Result "1-0"]
[WhiteElo "1816"]
[BlackElo "717"]
[PlyCount "41"]
[EventDate "2013.11.27"]
[EventType "tourn (corr)"]
[EventRounds "4"]
[EventCountry "GER"]
[SourceTitle "Telechess CBM 167"]
[Source "ChessBase"]
[SourceDate "2015.07.13"]
[SourceVersion "1"]
[SourceVersionDate "2015.07.13"]
[SourceQuality "1"]

1. e4 e6 2. d3 d5 3. Nd2 dxe4 4. dxe4 Nf6 5. Ngf3 Be7 6. Bc4 0-0 7. 0-0 b6 8. Qe2 Bb7 9. Rd1 Qc8 10. e5 Nd5 11. Ne4 Rd8 12. c3 h6 13. g4 Nd7 14. g5 hxg5 15. Nexg5 Nf8 16. Bd3 c5 17. Qf1 Qc6 18. Be4 Qe8 19. c4 Nc7 20. Rxd8 Rxd8 21. Bxb7 1-0

[Event "SB-2013-0-00340"]
[Site "LSS email"]
[Date "2013.11.24"]
[Round "?"]
[White "Lannoy, Jean Claude Albert"]
[Black "Herzog, Klaus"]
[Result "1/2-1/2"]
[WhiteElo "1826"]
[BlackElo "1828"]
[PlyCount "44"]
[EventDate "2013.11.05"]
[EventType "tourn (corr)"]
[EventRounds "6"]
[EventCountry "GER"]
[SourceTitle "Corr 2015"]
[Source "ChessBase"]
[SourceDate "2015.07.17"]
[SourceVersion "1"]
[SourceVersionDate "2015.07.17"]
[SourceQuality "1"]

1. e4 e5 2. Nf3 Nc6 3. Bc4 Bc5 4. c3 Nf6 5. d3 d6 6. 0-0 a6 7. Bb3 h6 8. Re1 0-0 9. h3 Ba7 10. Nbd2 Re8 11. Nf1 Be6 12. Ng3 d5 13. exd5 Nxd5 14. Bd2 Nf6 15. Bxe6 Rxe6 16. Be3 Bxe3 17. Rxe3 Qd7 18. Qb3 b6 19. Rd1 Nd5 20. Re4 Rd8 21. Qc2 Nf6 22. Ree1 g6 1/2-1/2

[Event "OP-2012-0-02204"]
[Site "LSS email"]
[Date "2012.05.20"]
[Round "?"]
[White "Lannoy, Jean Claude Albert"]
[Black "Minte, Dieter"]
[Result "1/2-1/2"]
[WhiteElo "1832"]
[BlackElo "2338"]
[PlyCount "52"]
[EventDate "2012.05.16"]
[EventType "tourn (corr)"]
[EventRounds "4"]
[EventCountry "GER"]
[SourceTitle "Telechess CBM 159"]
[Source "ChessBase"]
[SourceDate "2014.03.17"]
[SourceVersion "1"]
[SourceVersionDate "2014.03.17"]
[SourceQuality "1"]

1. e4 c5 2. Nc3 Nc6 3. g3 g6 4. Bg2 Bg7 5. d3 d6 6. f4 e6 7. Nf3 Nge7 8. 0-0 0-0 9. Be3 Nd4 10. e5 Nef5 11. Bf2 Nxf3+ 12. Qxf3 Nd4 13. Qd1 dxe5 14. fxe5 Bxe5 15. Ne4 f5 16. Nxc5 Qd6 17. b4 Nc6 18. Rb1 Bd4 19. Qd2 a5 20. Bxc6 bxc6 21. c3 Bg7 22. a3 axb4 23. axb4 Ra3 24. Rb3 Ra8 25. Rbb1 Ra3 26. Rb3 Ra8 1/2-1/2

[Event "OP-2012-0-02204"]
[Site "LSS email"]
[Date "2012.05.19"]
[Round "?"]
[White "Enin, Anatoly Nikolaevich"]
[Black "Lannoy, Jean Claude Albert"]
[Result "1-0"]
[WhiteElo "2187"]
[BlackElo "1832"]
[PlyCount "151"]
[EventDate "2012.05.16"]
[EventType "tourn (corr)"]
[EventRounds "4"]
[EventCountry "GER"]
[SourceTitle "Telechess CBM 159"]
[Source "ChessBase"]
[SourceDate "2014.03.17"]
[SourceVersion "1"]
[SourceVersionDate "2014.03.17"]
[SourceQuality "1"]

1. e4 c5 2. Nf3 e6 3. d4 cxd4 4. Nxd4 Nf6 5. Nc3 Nc6 6. Ndb5 d6 7. Bf4 e5 8. Bg5 a6 9. Na3 b5 10. Bxf6 gxf6 11. Nd5 f5 12. Bd3 Be6 13. c3 Bg7 14. Nc2 0-0 15. 0-0 fxe4 16. Bxe4 Rc8 17. Nce3 f5 18. Bc2 Qe8 19. f4 Ne7 20. Bb3 Nxd5 21. Bxd5 Kh8 22. Qd3 e4 23. Qd2 Bd7 24. Kh1 a5 25. Rad1 Rf6 26. a3 Rh6 27. g3 Qg6 28. Rg1 Qh5 29. Rg2 a4 30. Rf1 Rf6 31. Ba2 Rc5 32. Qf2 Qh3 33. Rfg1 Rf8 34. Qe2 Rd8 35. Rd1 Bc8 36. Rd5 Rxd5 37. Nxd5 Bd7 38. Qe3 Qh5 39. Rd2 Qf7 40. Qb6 Re8 41. Kg2 Rf8 42. Nb4 Qh5 43. Nc2 Rf6 44. Ne3 h6 45. Kg1 Kh7 46. Qc7 Be8 47. Qe7 Qg6 48. Bd5 Kh8 49. Bb7 Qh5 50. Bc8 Bf7 51. Bxf5 Rxf5 52. g4 Qh3 53. Nxf5 Qxg4+ 54. Ng3 Qxf4 55. Rf2 Qc1+ 56. Kg2 Bd5 57. Kh3 Kh7 58. Nh5 Qe3+ 59. Kg2 Qg5+ 60. Qxg5 hxg5 61. Rf5 Bc4 62. Nxg7 Kxg7 63. Rxg5+ Kh6 64. Rg4 Bd3 65. Rg8 Bc4 66. Rd8 d5 67. Re8 Kh5 68. Kg3 Kh6 69. Re7 Kg6 70. Re5 Kg7 71. Kf4 Kg6 72. h4 Bb3 73. h5+ Kh6 74. Kg4 Bd1+ 75. Kh4 Bb3 76. Re6+ 1-0

[Event "OP-2012-0-02204"]
[Site "LSS email"]
[Date "2012.05.19"]
[Round "?"]
[White "Lannoy, Jean Claude Albert"]
[Black "Jostov, Keylah"]
[Result "1-0"]
[WhiteElo "1832"]
[BlackElo "1106"]
[PlyCount "47"]
[EventDate "2012.05.16"]
[EventType "tourn (corr)"]
[EventRounds "4"]
[EventCountry "GER"]
[SourceTitle "Telechess CBM 159"]
[Source "ChessBase"]
[SourceDate "2014.03.17"]
[SourceVersion "1"]
[SourceVersionDate "2014.03.17"]
[SourceQuality "1"]

1. e4 c5 2. Nc3 Nc6 3. g3 g6 4. Bg2 Bg7 5. d3 e6 6. Be3 Qa5 7. Nge2 Nd4 8. 0-0 Ne7 9. Rb1 0-0 10. a3 Nec6 11. Kh1 Rb8 12. b4 Qxa3 13. bxc5 Qxc5 14. Nb5 Qxc2 15. Nexd4 Qxd1 16. Rfxd1 Nxd4 17. Nxd4 a6 18. Rb6 Be5 19. Rc1 Bf6 20. Ne2 Bd8 21. Rbb1 b5 22. Bf4 Ra8 23. Bd6 Re8 24. e5 1-0

[Event "OP-2011-0-01528"]
[Site "LSS email"]
[Date "2011.05.14"]
[Round "?"]
[White "Vodicka, Milan"]
[Black "Lannoy, Jean Claude Albert"]
[Result "1/2-1/2"]
[WhiteElo "1696"]
[BlackElo "1730"]
[PlyCount "95"]
[EventDate "2011.05.11"]
[EventType "tourn (corr)"]
[EventRounds "4"]
[EventCountry "GER"]
[SourceTitle "Telechess CBM 147"]
[Source "ChessBase"]
[SourceDate "2012.03.16"]
[SourceVersion "1"]
[SourceVersionDate "2012.03.16"]
[SourceQuality "1"]

1. d4 f5 2. g3 e6 3. Bg2 Nf6 4. Nf3 Be7 5. 0-0 0-0 6. c4 d6 7. Nc3 Qe8 8. Qd3 Nc6 9. Bg5 h6 10. Bf4 g5 11. Nb5 Qd8 12. Be3 a6 13. Nc3 e5 14. dxe5 dxe5 15. Qc2 Be6 16. Rad1 Qe8 17. Nd5 Bd6 18. Nxf6+ Rxf6 19. b3 Qh5 20. Bc1 f4 21. Bb2 Bf5 22. Qc1 Re8 23. c5 Bf8 24. Rd5 Rfe6 25. Qc4 Kh7 26. e3 g4 27. Nh4 f3 28. Bh1 Rf6 29. h3 Bc8 30. Qe4+ Kg8 31. hxg4 Bxg4 32. Rfd1 Rf7 33. Rc1 Bg7 34. Rd2 Ref8 35. Rc4 Be6 36. Ra4 Rf6 37. Bc3 Bc8 38. Qb1 Be6 39. Re4 Kh8 40. Qd1 R6f7 41. Bg2 Bg4 42. a3 Qg5 43. Kh2 h5 44. Bf1 Qh6 45. Bc4 Re7 46. Qh1 Be6 47. Qb1 Rff7 48. Kg1 1/2-1/2

[Event "SC-2011-0-00098"]
[Site "LSS email"]
[Date "2011.04.13"]
[Round "?"]
[White "Egorov, Vladimir Alekseevic"]
[Black "Lannoy, Jean Claude Albert"]
[Result "1-0"]
[WhiteElo "1966"]
[BlackElo "1811"]
[PlyCount "73"]
[EventDate "2011.03.19"]
[EventType "tourn (corr)"]
[EventRounds "6"]
[EventCountry "GER"]
[SourceTitle "Telechess CBM 157"]
[Source "ChessBase"]
[SourceDate "2013.11.12"]
[SourceVersion "1"]
[SourceVersionDate "2013.11.12"]
[SourceQuality "1"]

1. d4 f5 2. c4 e6 3. Nc3 Bb4 4. g3 Nf6 5. Bg2 0-0 6. Nf3 Ne4 7. Qd3 d5 8. 0-0 Nc6 9. Bf4 g5 10. Be3 Kh8 11. Rad1 Be7 12. Qc2 f4 13. Bc1 Nxc3 14. Qxc3 Qe8 15. h4 g4 16. Ne5 Nxe5 17. dxe5 fxg3 18. fxg3 c6 19. Bg5 Bxg5 20. hxg5 Rg8 21. Rf6 Bd7 22. cxd5 cxd5 23. Bxd5 Rb8 24. Bb3 Rxg5 25. Qe3 Rg7 26. Qxa7 b6 27. Qa3 Qe7 28. Qd6 Qxd6 29. exd6 Rg6 30. Rxg6 hxg6 31. Rc1 Rd8 32. Rc7 e5 33. e4 Bb5 34. a4 Bd3 35. Rc6 b5 36. Be6 Kg7 37. d7 1-0

[Event "SC-2011-0-00098"]
[Site "LSS email"]
[Date "2011.04.13"]
[Round "?"]
[White "Lannoy, Jean Claude Albert"]
[Black "Hillebrand, Carsten"]
[Result "1-0"]
[WhiteElo "1811"]
[BlackElo "1621"]
[PlyCount "35"]
[EventDate "2011.03.19"]
[EventType "tourn (corr)"]
[EventRounds "6"]
[EventCountry "GER"]
[SourceTitle "Telechess CBM 157"]
[Source "ChessBase"]
[SourceDate "2013.11.12"]
[SourceVersion "1"]
[SourceVersionDate "2013.11.12"]
[SourceQuality "1"]

1. c4 Nf6 2. Nc3 g6 3. g3 Bg7 4. Bg2 0-0 5. Nf3 d6 6. 0-0 Nc6 7. d3 e5 8. Rb1 a5 9. a3 Nd4 10. b4 axb4 11. axb4 c6 12. b5 Bg4 13. Bg5 Bxf3 14. exf3 Qc7 15. Ne2 Nxe2+ 16. Qxe2 Rfe8 17. Qb2 Nd7 18. Be3 1-0

[Event "SC-2011-0-00098"]
[Site "LSS email"]
[Date "2011.04.10"]
[Round "?"]
[White "Bascetta, Biagio J"]
[Black "Lannoy, Jean Claude Albert"]
[Result "1/2-1/2"]
[WhiteElo "1693"]
[BlackElo "1811"]
[PlyCount "55"]
[EventDate "2011.03.19"]
[EventType "tourn (corr)"]
[EventRounds "6"]
[EventCountry "GER"]
[SourceTitle "Telechess CBM 157"]
[Source "ChessBase"]
[SourceDate "2013.11.12"]
[SourceVersion "1"]
[SourceVersionDate "2013.11.12"]
[SourceQuality "1"]

1. Nf3 f5 2. d4 e6 3. g3 Nf6 4. Bg2 Be7 5. c4 d6 6. 0-0 0-0 7. Nc3 Nbd7 8. Qd3 Nb6 9. b3 Bd7 10. Bd2 Bc6 11. Ng5 Bxg2 12. Kxg2 Qd7 13. d5 exd5 14. cxd5 Ng4 15. Ne6 Rf7 16. Bf4 c6 17. f3 Ne5 18. Qd2 cxd5 19. Ng5 Bxg5 20. Bxg5 Qe6 21. a4 h6 22. Bf4 Nc6 23. a5 d4 24. axb6 dxc3 25. Qxc3 a6 26. Rfe1 g5 27. Bd2 d5 28. Rac1 1/2-1/2

[Event "OP-2011-0-01375"]
[Site "LSS email"]
[Date "2011.01.17"]
[Round "?"]
[White "Lannoy, Jean Claude Albert"]
[Black "Pauk, Jozef"]
[Result "1-0"]
[WhiteElo "1735"]
[BlackElo "911"]
[PlyCount "47"]
[EventDate "2011.01.13"]
[EventType "tourn (corr)"]
[EventRounds "4"]
[EventCountry "GER"]
[SourceTitle "Telechess CBM 147"]
[Source "ChessBase"]
[SourceDate "2012.03.16"]
[SourceVersion "1"]
[SourceVersionDate "2012.03.16"]
[SourceQuality "1"]

1. f4 d5 2. Nf3 Nc6 3. e3 Bg4 4. Bb5 e6 5. h3 Bh5 6. c4 Nge7 7. Nc3 a6 8. Bxc6+ Nxc6 9. cxd5 exd5 10. g4 Bg6 11. f5 Bxf5 12. gxf5 Be7 13. Qb3 Na5 14. Qxd5 c6 15. Qe4 0-0 16. b4 Bxb4 17. Qxb4 b5 18. Qf4 f6 19. Rg1 Ra7 20. Ne4 Kh8 21. Nd4 Qd7 22. Ne6 Rg8 23. Nxf6 gxf6 24. Rxg8+ 1-0

[Event "OP-2011-0-01375"]
[Site "LSS email"]
[Date "2011.01.17"]
[Round "?"]
[White "Spirin, Anatoly"]
[Black "Lannoy, Jean Claude Albert"]
[Result "1-0"]
[WhiteElo "2083"]
[BlackElo "1735"]
[PlyCount "93"]
[EventDate "2011.01.13"]
[EventType "tourn (corr)"]
[EventRounds "4"]
[EventCountry "GER"]
[SourceTitle "Telechess CBM 147"]
[Source "ChessBase"]
[SourceDate "2012.03.16"]
[SourceVersion "1"]
[SourceVersionDate "2012.03.16"]
[SourceQuality "1"]

1. e4 Nf6 2. e5 Nd5 3. d4 d6 4. c4 Nb6 5. f4 dxe5 6. fxe5 Nc6 7. Be3 Bf5 8. Nc3 e6 9. Nf3 Qd7 10. Be2 0-0-0 11. 0-0 Bg4 12. c5 Nd5 13. Nxd5 Qxd5 14. b4 Qe4 15. Qd2 f6 16. exf6 gxf6 17. Bd3 Qd5 18. b5 Ne5 19. Nxe5 fxe5 20. b6 Bxc5 21. dxc5 axb6 22. Qb2 Qxd3 23. Qxe5 Qd5 24. Qg3 Rhg8 25. cxb6 e5 26. Rac1 Bd7 27. Rxc7+ Kb8 28. Qf3 Qxf3 29. Rxf3 Bc6 30. Rg3 Rd1+ 31. Kf2 Rf8+ 32. Ke2 Rfd8 33. Bg5 Bb5+ 34. Kf3 R8d4 35. Rc1 R4d3+ 36. Kg4 Rxc1 37. Rxd3 Bxd3 38. Bxc1 Kc8 39. Bb2 e4 40. Bd4 Kd7 41. Kg5 Ke6 42. Be3 Bf1 43. g3 Kd5 44. h4 Be2 45. Kh6 Kc4 46. Kxh7 Kd3 47. Bc5 1-0

[Event "Swiss-548.3.02"]
[Site "IECC email"]
[Date "2010.10.18"]
[Round "?"]
[White "Lewen, Geoffrey David"]
[Black "Lannoy, Jean Claude Albert"]
[Result "1/2-1/2"]
[WhiteElo "1549"]
[BlackElo "1637"]
[PlyCount "111"]
[EventDate "2010.??.??"]
[EventType "tourn (corr)"]
[SourceTitle "Telechess CBM 145"]
[Source "Chessbase"]
[SourceDate "2011.11.11"]
[SourceVersion "1"]
[SourceVersionDate "2011.11.11"]
[SourceQuality "1"]
[WhiteTeam "US of America"]
[BlackTeam "Belgium"]
[WhiteTeamCountry "USA"]
[BlackTeamCountry "BEL"]

1. d4 f5 2. Nc3 Nf6 3. Bg5 d5 4. Bxf6 exf6 5. e3 c6 6. Bd3 g6 7. Qf3 Bd6 8. h4 h5 9. Nge2 Be6 10. Nf4 Bf7 11. a3 a5 12. 0-0 Nd7 13. Rfe1 Qc7 14. g3 0-0-0 15. b4 g5 16. Ng2 Be6 17. b5 Rde8 18. Reb1 f4 19. bxc6 Qxc6 20. Nb5 Bg4 21. Qxg4 hxg4 22. Na7+ Kc7 23. Nxc6 bxc6 24. exf4 gxf4 25. gxf4 Nf8 26. f5 Nd7 27. Kf1 g3 28. c4 dxc4 29. Bxc4 gxf2 30. Be2 Nb6 31. Kxf2 Nd5 32. Ba6 c5 33. Rc1 Rb8 34. Ra2 Rh5 35. Kg1 Rg8 36. Bc4 Rxf5 37. dxc5 Bxc5+ 38. Kh2 Kc6 39. Rac2 Kb6 40. Bd3 Rf2 41. Rxf2 Bxf2 42. Be4 Ne7 43. h5 Bd4 44. Rb1+ Kc7 45. Rc1+ Kd6 46. Rd1 Ke5 47. Bf3 Nf5 48. a4 Rg5 49. Re1+ Kd6 50. Re4 Kc5 51. Bd1 Kd5 52. Re8 Kc4 53. Bf3 Be5+ 54. Kg1 Nh4 55. Bc6 Nxg2 56. Bxg2 1/2-1/2

[Event "OP-2010-0-01290"]
[Site "LSS email"]
[Date "2010.10.17"]
[Round "?"]
[White "Sijses, Willem"]
[Black "Lannoy, Jean Claude Albert"]
[Result "0-1"]
[WhiteElo "954"]
[BlackElo "1753"]
[PlyCount "48"]
[EventDate "2010.10.13"]
[EventType "tourn (corr)"]
[EventRounds "4"]
[EventCountry "GER"]
[SourceTitle "Telechess CBM 145"]
[Source "Chessbase"]
[SourceDate "2011.11.11"]
[SourceVersion "1"]
[SourceVersionDate "2011.11.11"]
[SourceQuality "1"]

1. d4 f5 2. g3 e6 3. Bg2 Nf6 4. c4 Be7 5. Nf3 0-0 6. 0-0 d6 7. Nc3 Nbd7 8. b3 Ne4 9. Nxe4 fxe4 10. Ng5 Bxg5 11. Bxg5 Qxg5 12. Bxe4 Qe7 13. f3 Nf6 14. Qc2 e5 15. d5 Nxe4 16. Qxe4 Bf5 17. Qe3 Rf6 18. Rf2 Rg6 19. Raf1 Qh4 20. Kh1 Rxg3 21. Rg1 Rxg1+ 22. Kxg1 Bh3 23. f4 Re8 24. Rf3 Qe1+ 0-1

[Event "LSS SC-2010-0-00068"]
[Site "LSS email"]
[Date "2010.08.08"]
[Round "?"]
[White "Szoller, Terez"]
[Black "Lannoy, Jean Claude Albert"]
[Result "0-1"]
[WhiteElo "1754"]
[BlackElo "1728"]
[PlyCount "76"]
[EventDate "2010.07.21"]
[EventType "tourn (corr)"]
[EventRounds "6"]
[EventCountry "GER"]
[SourceTitle "Telechess CBM 143"]
[Source "ChessBase"]
[SourceDate "2011.07.15"]
[SourceVersion "1"]
[SourceVersionDate "2011.07.15"]
[SourceQuality "1"]

1. e4 c5 2. Nf3 e6 3. d4 cxd4 4. Nxd4 Nf6 5. Nc3 Nc6 6. Ndb5 d6 7. Bf4 e5 8. Na3 exf4 9. Qd2 a6 10. 0-0-0 b5 11. Nd5 Nxd5 12. exd5 Ne5 13. Qxf4 Be7 14. Qd2 Bd7 15. f4 Ng6 16. Kb1 Rb8 17. c3 0-0 18. Bd3 Qc8 19. Nc2 a5 20. Rhe1 Bf6 21. a3 Bf5 22. g3 Bxd3 23. Qxd3 Qd7 24. Re4 Rfc8 25. Rd2 Rc7 26. Qf3 Rbc8 27. Rd3 Rc5 28. Ne3 Ne7 29. g4 h6 30. Qg2 g6 31. f5 g5 32. Qh3 Kg7 33. Qf3 Ng8 34. Qh3 Bxc3 35. bxc3 Rxc3 36. f6+ Nxf6 37. Red4 b4 38. Nf5+ Kg8 0-1

[Event "OP-2010-0-01203"]
[Site "LSS email"]
[Date "2010.07.10"]
[Round "?"]
[White "Lannoy, Jean Claude Albert"]
[Black "Hughes, Peter"]
[Result "1-0"]
[WhiteElo "1685"]
[BlackElo "638"]
[PlyCount "35"]
[EventDate "2010.07.05"]
[EventType "tourn (corr)"]
[EventRounds "4"]
[EventCountry "GER"]
[SourceTitle "Telechess CBM 143"]
[Source "ChessBase"]
[SourceDate "2011.07.15"]
[SourceVersion "1"]
[SourceVersionDate "2011.07.15"]
[SourceQuality "1"]

1. e4 c5 2. Nc3 Nc6 3. g3 e5 4. Bg2 d6 5. Nh3 Nf6 6. d3 d5 7. Nxd5 Nxd5 8. exd5 Nd4 9. 0-0 Bd6 10. c3 Nf5 11. Ng5 Qe7 12. f4 0-0 13. Qh5 h6 14. fxe5 hxg5 15. exd6 Nxd6 16. Bxg5 f6 17. Bf4 Bf5 18. Bxd6 1-0

[Event "OP-2010-0-01203"]
[Site "LSS email"]
[Date "2010.07.10"]
[Round "?"]
[White "Verich, Oleg"]
[Black "Lannoy, Jean Claude Albert"]
[Result "0-1"]
[WhiteElo "1004"]
[BlackElo "1686"]
[PlyCount "66"]
[EventDate "2010.07.05"]
[EventType "tourn (corr)"]
[EventRounds "4"]
[EventCountry "GER"]
[SourceTitle "Telechess CBM 143"]
[Source "ChessBase"]
[SourceDate "2011.07.15"]
[SourceVersion "1"]
[SourceVersionDate "2011.07.15"]
[SourceQuality "1"]

1. d4 f5 2. Nc3 d5 3. Nf3 e6 4. Bf4 Nf6 5. e3 a6 6. Be2 Be7 7. 0-0 0-0 8. Bd3 c5 9. dxc5 Bxc5 10. a3 Nc6 11. Na4 Be7 12. b4 Ne4 13. Bxe4 fxe4 14. Ne5 Bf6 15. Nxc6 bxc6 16. Rb1 a5 17. Nc5 axb4 18. axb4 e5 19. Bg3 Bf5 20. c3 Rf7 21. Qb3 h5 22. h3 Rfa7 23. Qd1 h4 24. Bh2 Ra2 25. f3 Qe8 26. fxe4 Qg6 27. Qf3 dxe4 28. Qf2 Rxf2 29. Rxf2 Bxh3 30. Kh1 Bg4 31. Re1 h3 32. gxh3 Bf3+ 33. Rxf3 exf3 0-1

[Event "LSS SC-2010-0-00059"]
[Site "LSS email"]
[Date "2010.05.10"]
[Round "?"]
[White "Lannoy, Jean Claude Albert"]
[Black "Manheimer, Gunter"]
[Result "1/2-1/2"]
[WhiteElo "2234"]
[BlackElo "1774"]
[PlyCount "118"]
[EventDate "2010.04.03"]
[EventType "tourn (corr)"]
[EventRounds "6"]
[EventCountry "GER"]
[SourceTitle "Telechess CBM 141"]
[Source "ChessBase"]
[SourceDate "2011.03.17"]
[SourceVersion "1"]
[SourceVersionDate "2011.03.17"]
[SourceQuality "1"]

1. e4 c5 2. Nc3 Nc6 3. g3 g6 4. Bg2 Bg7 5. d3 d6 6. f4 e6 7. Nf3 Nge7 8. 0-0 0-0 9. Be3 Nd4 10. Rb1 b6 11. Ne2 Nxf3+ 12. Bxf3 Bb7 13. c3 Qd7 14. Qd2 f5 15. Rbd1 Rac8 16. Bg2 Bc6 17. Bf2 Rcd8 18. c4 Qb7 19. Qc2 fxe4 20. dxe4 e5 21. fxe5 Bxe5 22. Nc3 Bxc3 23. bxc3 Rde8 24. Rfe1 Nf5 25. h3 Nh6 26. Rxd6 Nf7 27. Rf6 Re7 28. g4 Rfe8 29. Qd2 Bxe4 30. Rxe4 Rxe4 31. Bh4 g5 32. Bxe4 Qxe4 33. Bxg5 Qe5 34. Bh4 Rd8 35. Qe1 Rd3 36. Qf1 Qe3+ 37. Kh2 Rd2+ 38. Kh1 Qe5 39. Rf4 Rxa2 40. Qf3 Re2 41. Bf2 Ng5 42. Qa8+ Qe8 43. Qd5+ Nf7 44. Kg2 Re6 45. Bg3 a5 46. h4 Kg7 47. Kh3 Qe7 48. Rf2 h6 49. Bf4 a4 50. Ra2 Re4 51. Kg3 Re1 52. Qg2 Rd1 53. Qf3 Rg1+ 54. Kh3 Qd7 55. Rd2 Qe6 56. Re2 Qxc4 57. Rf2 Qe6 58. Re2 Qd7 59. Rd2 Qe7 1/2-1/2

[Event "LSS SD-2009-0-00049"]
[Site "LSS email"]
[Date "2010.01.25"]
[Round "?"]
[White "Kasabasic, Djordje"]
[Black "Lannoy, Jean Claude Albert"]
[Result "1-0"]
[WhiteElo "1776"]
[BlackElo "2234"]
[PlyCount "93"]
[EventDate "2009.12.20"]
[EventType "tourn (corr)"]
[EventRounds "6"]
[EventCountry "GER"]
[SourceTitle "Telechess CBM 141"]
[Source "ChessBase"]
[SourceDate "2011.03.17"]
[SourceVersion "1"]
[SourceVersionDate "2011.03.17"]
[SourceQuality "1"]

1. e4 c5 2. Nf3 e6 3. d4 cxd4 4. Nxd4 Nf6 5. Nc3 Nc6 6. Ndb5 d6 7. Bf4 e5 8. Bg5 a6 9. Na3 b5 10. Nd5 Be7 11. Bxf6 Bxf6 12. c3 0-0 13. Nc2 Rb8 14. h4 a5 15. Nce3 b4 16. Bc4 Kh8 17. g3 bxc3 18. bxc3 Ne7 19. Nxf6 gxf6 20. Qd3 Qc7 21. 0-0 Be6 22. Rab1 Rbd8 23. Rb5 Bd7 24. Rb2 f5 25. exf5 Nxf5 26. Nxf5 Bxf5 27. Qxf5 Qxc4 28. Rd1 f6 29. Rb7 Rf7 30. Rxf7 Qxf7 31. Rd5 Qg6 32. Qe6 Kg7 33. c4 Qf7 34. Qg4+ Qg6 35. Qe2 Qb1+ 36. Kh2 a4 37. c5 Qb4 38. a3 Qb8 39. Qg4+ Kf7 40. Qxa4 dxc5 41. Rxc5 Qd6 42. Qc4+ Kf8 43. Rc7 Rd7 44. Rc6 Qe7 45. a4 Kg7 46. Qg4+ Kh8 47. Rc8+ 1-0

[Event "LSS SD-2009-0-00049"]
[Site "LSS email"]
[Date "2010.01.25"]
[Round "?"]
[White "Seris Granier Gonzales, Manuel Angel"]
[Black "Lannoy, Jean Claude Albert"]
[Result "1/2-1/2"]
[WhiteElo "1534"]
[BlackElo "1727"]
[PlyCount "82"]
[EventDate "2009.12.20"]
[EventType "tourn (corr)"]
[EventRounds "6"]
[EventCountry "GER"]
[SourceTitle "Telechess CBM 147"]
[Source "ChessBase"]
[SourceDate "2012.03.16"]
[SourceVersion "1"]
[SourceVersionDate "2012.03.16"]
[SourceQuality "1"]

1. e4 c5 2. Nf3 e6 3. d4 cxd4 4. Nxd4 Nf6 5. Nc3 Nc6 6. Ndb5 d6 7. Bf4 e5 8. Bg5 a6 9. Na3 b5 10. Nd5 Be7 11. Bxf6 Bxf6 12. c3 Ne7 13. Nxf6+ gxf6 14. Bd3 d5 15. Qe2 Bb7 16. 0-0-0 Qc7 17. Nc2 0-0-0 18. exd5 Bxd5 19. Kb1 Kb8 20. Ne3 Bb7 21. f3 Nd5 22. Nxd5 Bxd5 23. Rd2 Be6 24. Rhd1 h5 25. Bc2 h4 26. a4 Rxd2 27. Qxd2 Qc6 28. axb5 axb5 29. f4 Rg8 30. fxe5 fxe5 31. Qe3 f6 32. Be4 Qc7 33. Kc2 Qa7 34. Qxa7+ Kxa7 35. Rd6 f5 36. Rxe6 fxe4 37. g3 hxg3 38. hxg3 Rg5 39. b4 Kb7 40. g4 Rxg4 41. Rxe5 Kc6 1/2-1/2

[Event "LSS SD-2009-0-00049"]
[Site "LSS email"]
[Date "2010.01.25"]
[Round "?"]
[White "Thurrott, Allan"]
[Black "Lannoy, Jean Claude Albert"]
[Result "0-1"]
[WhiteElo "1520"]
[BlackElo "1727"]
[PlyCount "124"]
[EventDate "2009.12.20"]
[EventType "tourn (corr)"]
[EventRounds "6"]
[EventCountry "GER"]
[SourceTitle "Telechess CBM 147"]
[Source "ChessBase"]
[SourceDate "2012.03.16"]
[SourceVersion "1"]
[SourceVersionDate "2012.03.16"]
[SourceQuality "1"]

1. e4 c5 2. Nf3 e6 3. d4 cxd4 4. Nxd4 Nf6 5. Nc3 Nc6 6. Ndb5 d6 7. Bf4 e5 8. Bg5 a6 9. Na3 b5 10. Nd5 Be7 11. Bxf6 Bxf6 12. c3 0-0 13. Nc2 Rb8 14. h4 a5 15. Nce3 b4 16. Bc4 bxc3 17. bxc3 Bd7 18. Qf3 Be7 19. g4 Be6 20. Nf5 a4 21. a3 Kh8 22. Qg3 Rb2 23. Rd1 Qa5 24. Qd3 Qc5 25. Nde3 Na5 26. Bd5 Bxf5 27. gxf5 Nb3 28. Rh3 Qb6 29. Qc4 Qd8 30. Ng2 Nc5 31. Kf1 Kg8 32. Kg1 Bf6 33. h5 Bg5 34. h6 gxh6 35. Qf1 Kh8 36. Kh1 Qe7 37. Ne3 Bxe3 38. Rxe3 Rg8 39. Rg3 Nxe4 40. Rxg8+ Kxg8 41. Bxe4 Qh4+ 42. Kg1 Qxe4 43. f6 h5 44. Rxd6 h6 45. Rd3 Kh7 46. Re3 Qg6+ 47. Qg2 Qxf6 48. Qe4+ Qg6+ 49. Qxg6+ Kxg6 50. Rxe5 Rb3 51. c4 Rxa3 52. Ra5 Ra1+ 53. Kg2 a3 54. c5 Kf6 55. c6 Ke7 56. Rxh5 a2 57. Ra5 Kd6 58. Ra6 h5 59. Kh2 h4 60. Kg2 h3+ 61. Kh2 f6 62. f3 Kc7 0-1